00431 a2200145 4500010001400000020002300014035001300037037001800050082001100068100002300079245006100102260005300163270004400216300002500260 aENG-85508 c195.00a8190340360 aEN-69041 bD.B.Act / Pub14a881.081 aWasserman, Earl R.1 aThe finer tonecby Earl R. WassermanbKeat's major poems aNew DelhibABS Publishers and Distributorsc2006 aE-9, Jangpura Extn.bNew Delhie110 014 a228 p.c21 cm (Pbk.)